Breve antología /
Saved in:
| Main Author: | |
|---|---|
| Format: | Unknown |
| Language: | Spanish |
| Published: |
Cuba :
Dirección de Literatura, Consejo Nacional de Cultura,
1957.
|
| Subjects: | |
| Tags: |
Add Tag
No Tags, Be the first to tag this record!
|
MARC
| LEADER | 000000000a22000000004500 | ||
|---|---|---|---|
| 001 | 002476 | ||
| 041 | 0 | |a spa | |
| 082 | 0 | 4 | |a Cu861.44 |b G633b |
| 100 | 1 | |a Gómez Lubian, Agustín, |d 1937-1957 | |
| 245 | 1 | 0 | |a Breve antología / |c Agustín Gómez Lubian. |
| 260 | 1 | |a Cuba : |b Dirección de Literatura, Consejo Nacional de Cultura, |c 1957. | |
| 300 | |a 31 páginas | ||
| 650 | 4 | |a LITERATURA CUBANA | |
| 650 | 4 | |a POESIA | |
| 999 | |c 8909 |d 8909 | ||
| 942 | |c BK |h Cu861.44 G633b |2 z | ||
